Central Library OPAC University of Rajshahi

Genetics : (Record no. 36865)

MARC details
000 -LEADER
fixed length control field 00692nam a22002534a 4500
001 - CONTROL NUMBER
control field 36865
003 - CONTROL NUMBER IDENTIFIER
rucl marc code BD-RjUL
005 - DATE AND TIME OF LATEST TRANSACTION
control field 20211209052543.0
008 - FIXED-LENGTH DATA ELEMENTS--GENERAL INFORMATION
fixed length control field 140921s2000 maua 001 0 eng
020 ## - INTERNATIONAL STANDARD BOOK NUMBER
International Standard Book Number 0075409232
035 ## - SYSTEM CONTROL NUMBER
System control number (BD-RjUL)
040 ## - CATALOGING SOURCE
Original cataloging agency DLC
Transcribing agency DLC
Modifying agency DLC
Language of cataloging eng
041 ## - LANGUAGE CODE
Language code of text/sound track or separate title eng
082 00 - DEWEY DECIMAL CLASSIFICATION NUMBER
Classification number 576.5
Edition number 21
245 00 - TITLE STATEMENT
Title Genetics :
Remainder of title from genes to genomes /
Statement of responsibility, etc. Leland Hartwell ... [et al.].
260 ## - PUBLICATION, DISTRIBUTION, ETC. (IMPRINT)
Place of publication, distribution, etc. Boston :
Name of publisher, distributor, etc. McGraw-Hill,
Date of publication, distribution, etc. c2000.
300 ## - PHYSICAL DESCRIPTION
Pagination xxiii, 813 p. :
Illustrations ill. (some col.) ;
Size 28 cm.
500 ## - GENERAL NOTE
General note Includes index.
650 #0 - SUBJECT ADDED ENTRY--TOPICAL TERM
Topical term or geographic name as entry element Genetics.
9 (RLIN) 112490
700 1# - ADDED ENTRY--PERSONAL NAME
Personal name Hartwell, Leland.
942 ## - ADDED ENTRY ELEMENTS (KOHA)
Source of classification or shelving scheme Dewey Decimal Classification
Koha item type Books
Holdings
Lost status Source of classification or shelving scheme Damaged status Not for loan Permanent Location Current Location Shelving location Date acquired Source of acquisition Total Checkouts Full call number Date last seen Copy number Koha item type
  Dewey Decimal Classification     Institute of Biological Sciences (IBSc) Library Institute of Biological Sciences (IBSc) Library   21/09/2014 Donation from Asia Foundation   576.5 GEN 2000 21/09/2014 C-1 Books